00517nam a2200157Ia 4500003000900000008004100009040001600050080002100066110003300087245010700120260005000227300001200277650003700289650001900326650001400345IN-BaIIA211028s9999 xx 000 0 eng d cIIA Library a083.7:621.3bISI aIndian Standards Institution 0aindian Standard National Electrical Codecindian Standards institution  aNew DelhibIndian Standards Institutionc1985 axv,270p aElectrical Engineering-Standards aNASA thesaurus aStandards